ARRUPE JESUIT UNIVERSITY

CORONAVIRUS -STOP THE SPREAD - CLEAN,DISINFECT,COVER

Jubilee-Zambia National Conference Report (Record no. 121711)

MARC details
000 -LEADER
fixed length control field 00508nam a22001577a 4500
008 - FIXED-LENGTH DATA ELEMENTS--GENERAL INFORMATION
fixed length control field 150115b xxu||||| |||| 00| 0 eng d
050 ## - LIBRARY OF CONGRESS CALL NUMBER
Classification number SPC HN37.C3 J4 J625
100 ## - MAIN ENTRY--PERSONAL NAME
Personal name Sitali, Muyati
9 (RLIN) 14077
245 ## - TITLE STATEMENT
Title Jubilee-Zambia National Conference Report
Statement of responsibility, etc Muyatwa Sitali
260 ## - PUBLICATION, DISTRIBUTION, ETC. (IMPRINT)
Place of publication, distribution, etc Zambia
Name of publisher, distributor, etc Mulungushi International Conference Centre
Date of publication, distribution, etc 2005
300 ## - PHYSICAL DESCRIPTION
Extent 10p. ;
Dimensions 30cm.
521 ## - TARGET AUDIENCE NOTE
Target audience note Stencilled
650 ## - SUBJECT ADDED ENTRY--TOPICAL TERM
Topical term or geographic name as entry element Debts, External
Geographic subdivision Zambia
9 (RLIN) 14078
650 ## - SUBJECT ADDED ENTRY--TOPICAL TERM
Topical term or geographic name as entry element Economic policy
Geographic subdivision Zambia
9 (RLIN) 14079
942 ## - ADDED ENTRY ELEMENTS (KOHA)
Source of classification or shelving scheme Library of Congress Classification
Item type SPC
Holdings
Withdrawn status Lost status Source of classification or shelving scheme Damaged status Not for loan Collection code Home library Current library Shelving location Date acquired Total Checkouts Full call number Barcode Date last seen Price effective from Koha item type
    Library of Congress Classification     SPECIAL Collection ARRUPE LIBRARY ARRUPE LIBRARY Main Collection 15/01/2015   SPC HN37.C3 J4 J625 46500003210 15/01/2015 15/01/2015 SPC

 

Arrupe Library. PO Box MP320 Mt Pleasant, Harare, Zimbabwe
263 242 745411|librarian@aju.ac.zw